00421nam a2200157Ia 4500001001000000003000500010008004100015010001100056040000900067082001800076100001800094245006900112260003000181300001100211650004100222Para_2148CHAP220125s1974 xx 000 0 und d a200762 cCHAP aPA 632.95 C67 aCorbett, J.R. aThe biochemical mode of action of pesticides /c by J.R. Corbett aLondon :b Academic Press a330 p. aPesticidas x efectos fisiológicos